| 000 | 00926nam a22003257a 4500 | ||
|---|---|---|---|
| 001 | BR8007258 | ||
| 003 | BR-BrBNA | ||
| 005 | 20230928090835.0 | ||
| 007 | ta | ||
| 008 | 230509b bl.||||| |||| 00| 0 por d | ||
| 040 |
_aBR-BrBNA _bpor _cBiblioteca Nacional de Agricultura |
||
| 041 | _a(Eng) | ||
| 072 |
_aN00 _b0230 _b/G514 |
||
| 090 | _ 0230 BR8007258 | ||
| 100 | 1 | _aBalastreire, L.A. | |
| 100 | 1 | _aCobra, A.P. | |
| 100 | 1 | _aLoiwer, O.J. | |
| 100 | 1 | _aOmetto, D.A. | |
| 245 | 1 | _aComputer optimization of sugar cane harvesting in Brazil [cana de acucar, colheita, mecanizacao agricola, Brasil] | |
| 260 | 3 |
_aPiracicaba, SP (Brasil): _c[nd]. |
|
| 300 | _a6 p. | ||
| 500 | _aSummary (Eng); Published 1979? | ||
| 650 | _aMECANIZACAO AGRICOLA | ||
| 650 | _aCANA DE ACUCAR | ||
| 650 | _aCOLHEITA MECANICA | ||
| 650 | _aCOMPUTADOR | ||
| 650 | _aCUSTO | ||
| 909 |
_a202309 _bLucia _c55 _dLucia Elande |
||
| 942 | _cBK | ||
| 999 |
_c30842 _d30842 |
||